| 000 | 01084nam a2200205Ii 4500 | ||
|---|---|---|---|
| 003 | JO-AjNU | ||
| 008 | 230605s9999||||xx |||||||||||||| ||und|| | ||
| 017 | _a2010/2/482 | ||
| 040 |
_aJO-AjNU _bara _erda _cJO-AjNU |
||
| 041 | _aara | ||
| 050 | 1 | 4 | _aBP134.S6.M87 2010 |
| 100 | 3 |
_aمؤتمر البحث العلمي في الأردن (4 : 2009: عمان - الاردن)؛ تحرير محمود السرطاوي؛ إشراف أنور البطيخي, _eauthor _956851 |
|
| 245 | 0 | 0 | _aالتنمية الإجتماعية في المنظار الإسلامي: وقائع المؤتمر الرابع للبحث العلمي في الأردن : الأوراق العلمية المحكمة 7/11/2009 |
| 264 | 3 | 1 | _aعمان: الجمعية الاردنية للبحث العلمي، 2010 |
| 300 |
_a341ص _bيشتمل على ببلوغرافيا |
||
| 336 |
_atext _btxt _2rdacontent |
||
| 337 |
_aunmediated _bn _2rdamedia |
||
| 338 |
_avolume _bnc _2rdacarrier |
||
| 650 | 4 |
_aالتنمية الاجتماعية - الاسلام - مؤتمرات - الاسلام والمجتمع _956852 |
|
| 999 |
_aA25442 _c29010 _d29010 |
||